My utmost for His Highest : (Record no. 3207)

MARC details
000 -LEADER
fixed length control field 00904cam a2200265 a 4500
001 - CONTROL NUMBER
control field 17557787
003 - CONTROL NUMBER IDENTIFIER
control field GBCCL
005 - DATE AND TIME OF LATEST TRANSACTION
control field 20241126110449.0
008 - FIXED-LENGTH DATA ELEMENTS--GENERAL INFORMATION
fixed length control field 121210r20121992miu 001 0 eng
010 ## -
-- 2012462620
020 ## - INTERNATIONAL STANDARD BOOK NUMBER
International Standard Book Number 9781572937710
040 ## - CATALOGING SOURCE
Original cataloging agency DLC
Transcribing agency DLC
Modifying agency DLC
042 ## -
-- pcc
050 00 -
-- BV4811
-- .C455 2012
082 00 - DEWEY DECIMAL CLASSIFICATION NUMBER
Classification number 242.2
Edition information 23
Item number CHA
100 1# - MAIN ENTRY--PERSONAL NAME
Personal name Chambers, Oswald,
Dates associated with a name 1874-1917.
9 (RLIN) 6630
245 10 - TITLE STATEMENT
Title My utmost for His Highest :
Remainder of title an updated edition in today's language : the golden book of Oswald Chambers /
Statement of responsibility, etc. edited by James Reimann.
260 3# - PUBLICATION, DISTRIBUTION, ETC.
Place of publication, distribution, etc. Grand Rapids, Mich. :
Name of publisher, distributor, etc. Discovery House Publishers,
Date of publication, distribution, etc. c1992
Date of manufacture (2012 printing)
300 ## - PHYSICAL DESCRIPTION
Extent 1 v. (unpaged)
Dimensions 18 cm.
650 #0 - SUBJECT ADDED ENTRY--TOPICAL TERM
Topical term or geographic name entry element Devotional calendars.
9 (RLIN) 1878
740 0# -
-- My utmost for His Highest.
906 ## - LOCAL DATA ELEMENT F, LDF (RLIN)
a 7
b cbc
c orignew
d 2
e ncip
f 20
g y-gencatlg
942 ## - ADDED ENTRY ELEMENTS (KOHA)
Source of classification or shelving scheme Dewey Decimal Classification
Koha item type Books
Holdings
Withdrawn status Lost status Source of classification or shelving scheme Damaged status Not for loan Home library Current Library Shelving location Date acquired Total checkouts Full call number Barcode Date last seen Copy number Price effective from Koha item type
    Dewey Decimal Classification     GRACE BIBLE COLLEGE GRACE BIBLE COLLEGE Ministry & Mission 2017-11-20   242.2 CHA 006392 2025-05-01 c.1 2017-11-20 Books
    Dewey Decimal Classification     GRACE BIBLE COLLEGE GRACE BIBLE COLLEGE Ministry & Mission 2017-11-21   242.2 CHA 009436 2025-05-01 c.2 2017-11-21 Books
    Dewey Decimal Classification     GRACE BIBLE COLLEGE GRACE BIBLE COLLEGE Ministry & Mission 2021-09-02   242.2 CHA 004753 2025-05-01 c.3 2021-09-02 Books
    Dewey Decimal Classification     GRACE BIBLE COLLEGE GRACE BIBLE COLLEGE Ministry & Mission 2023-11-07   242.2 CHA 020646 2025-05-01 c.4 2023-11-07 Books
© Grace Bible College Library 2025